000
00250nam a22001217a 4500
003
SGT
082
_a
823
_b
DAT
100
_a
DATHA DURJOY
245
_a
OUR IMPOSSIBLE LOVE
260
_a
INDIA
_b
PENGUIN PUB
_c
2016
300
_a
289
942
_2
ddc
_c
BK
999
_c
33896
_d
33896